Normal view
MARC view
Entry Topical Term
001 - CONTROL NUMBER
- control field: 2517
003 - CONTROL NUMBER IDENTIFIER
- control field: ARRUPE
005 - DATE AND TIME OF LATEST TRANSACTION
- control field: 20131014123950.0
008 - FIXED-LENGTH DATA ELEMENTS
- fixed length control field: 131014|| aca||aabn | a|a d
040 ## - CATALOGING SOURCE
- Original cataloging agency: ARRUPE
- Transcribing agency: ARRUPE
150 ## - HEADING--TOPICAL TERM
- Topical term or geographic name as entry element: Nyankore-Kiga language.
670 ## - SOURCE DATA FOUND
- Source citation: Work cat.: (ARRUPE)0: Cisternino, Marius. 2515, The proverbs of Kigezi and Ankole (Uganda) /, 1987.